Sensor Systems and Networks: Phenomena, Technology, and Applications for NDE and Health Monitoring 2007

Bibliographische Detailangaben
Weitere Verfasser: Peters, Kara
Format: Elektronisch Buch
Sprache:English
Veröffentlicht: SPIE Digital Library, 3/29/07
Schlagworte:
Online Zugang:Full text available on Research4Life (SPIE Digital Library)
Classic Catalogue: View this record in Classic Catalogue
LEADER 00927cam a2200181 a 4500
001 AALConferenceProceedingsResearch4Life(SPIE)011908
008 240908c9999 xx r poo 0 0eng d
020 |a 9780819466518 
040 |a BD-DhAAL  |c BD-DhAAL 
245 0 0 |h [electronic resource]  |a Sensor Systems and Networks: Phenomena, Technology, and Applications for NDE and Health Monitoring 2007 
260 1 |b SPIE Digital Library,  |c 3/29/07 
300 |a 1 online resource 
500 |a <strong>On-Campus Access Only (IP based access)</strong> 
506 |a Electronic access restricted to authorized BRAC University faculty, staff and students 
538 |a Mode of access: Internet 
655 7 |a Conference papers and proceedings.  |2 Library of Congress 
700 1 |a Peters, Kara 
856 4 0 |z Full text available on Research4Life (SPIE Digital Library)  |u https://login.research4life.org/tacsgr1www_spiedigitallibrary_org/conference-proceedings-of-spie/6530